Ancient Word, changing worlds : (Record no. 21488)

MARC details
000 -LEADER
fixed length control field 01636cam a2200337 a 4500
001 - CONTROL NUMBER
control field 15456557
003 - CONTROL NUMBER IDENTIFIER
control field OSt
005 - DATE AND TIME OF LATEST TRANSACTION
control field 20260316160835.0
008 - FIXED-LENGTH DATA ELEMENTS--GENERAL INFORMATION
fixed length control field 080918s2009 ilu b 000 0 eng
010 ## - LIBRARY OF CONGRESS CONTROL NUMBER
LC control number 2008040948
020 ## - INTERNATIONAL STANDARD BOOK NUMBER
International Standard Book Number 9781433502606
Qualifying information pbk.
035 ## - SYSTEM CONTROL NUMBER
System control number 15456557
040 ## - CATALOGING SOURCE
Original cataloging agency DLC
Transcribing agency DLC
Modifying agency DLC
050 00 - LIBRARY OF CONGRESS CALL NUMBER
Classification number BS480
Item number .N48 2009
082 00 - DEWEY DECIMAL CLASSIFICATION NUMBER
Classification number 220.1
Edition number 22
100 1# - MAIN ENTRY--PERSONAL NAME
Personal name Nichols, Stephen J.,
Dates associated with a name 1970-
245 10 - TITLE STATEMENT
Title Ancient Word, changing worlds :
Remainder of title the doctrine of Scripture in a modern age /
Statement of responsibility, etc. Stephen J. Nichols and Eric T. Brandt.
260 ## - PUBLICATION, DISTRIBUTION, ETC. (IMPRINT)
Place of publication, distribution, etc. Wheaton, Ill. :
Name of publisher, distributor, etc. Crossway Books,
Date of publication, distribution, etc. c2009.
300 ## - PHYSICAL DESCRIPTION
Extent 171 p. ;
Dimensions 22 cm.
336 ## - CONTENT TYPE
Content type term text
Content type code txt
Source rdacontent
337 ## - MEDIA TYPE
Media type term unmediated
Media type code n
Source rdamedia
338 ## - CARRIER TYPE
Carrier type term volume
Carrier type code nc
Source rdacarrier
504 ## - BIBLIOGRAPHY, ETC. NOTE
Bibliography, etc Includes bibliographical references.
505 0# - FORMATTED CONTENTS NOTE
Formatted contents note Sacred word in the modern world: the inspiration of Scripture -- In their own words: select documents on the inspiration of Scripture -- Battling for the Bible in the modern world: the inerrancy of Scripture -- In their own words: select documents on the inerrancy of Scripture -- Finding meaning in the (post-)modern world: the interpretation of Scripture -- In their own words: select documents on the interpretation of Scripture.
630 00 - SUBJECT ADDED ENTRY--UNIFORM TITLE
Uniform title Bible
General subdivision Evidences, authority, etc.
700 1# - ADDED ENTRY--PERSONAL NAME
Personal name Brandt, Eric T.,
Dates associated with a name 1984-
906 ## - LOCAL DATA ELEMENT F, LDF (RLIN)
a 7
b cbc
c orignew
d 1
e ecip
f 20
g y-gencatlg
942 ## - ADDED ENTRY ELEMENTS (KOHA)
Source of classification or shelving scheme Library of Congress Classification
Koha item type General Collection
Holdings
Withdrawn status Lost status Source of classification or shelving scheme Not for loan Home library Current library Shelving location Date acquired Source of acquisition Inventory number Total Checkouts Full call number Barcode Date last seen Copy number Price effective from Koha item type
    Library of Congress Classification   Kabarak, Main Campus Kabarak, Main Campus General Stacks 16/03/2026 Donation 2025/3547   BS480 .N48 2009 C.1 38438 16/03/2026 C.1 16/03/2026 General Collection
Designed with assistance from East African Informatics Ltd